日本前四万名姓氏中,常用汉字top30 - Statistics

General Stats
  • This quiz has been taken 88 times
  • The average score is 37 of 60
Answer Stats
排名 汉字 数量 % Correct
按名字数 1 2230
94%
按名字数 6 1074
94%
按人口 1 约17,939,990人
94%
按人口 3 约8,479,820人
94%
按名字数 10 851
90%
按人口 6 约5,899,200人
90%
按名字数 8 876
87%
按名字数 13 677
87%
按人口 10 约5,516,580人
87%
按人口 11 约4,816,170人
87%
按名字数 12 725
85%
按名字数 19 587
85%
按名字数 24 492
85%
按人口 2 约8,691,250人
85%
按人口 19 约2,694,260人
85%
按名字数 7 1045
84%
按人口 9 约5,579,690人
84%
按名字数 11 761
81%
按人口 13 约3,625,860人
81%
按名字数 4 1164
77%
按人口 5 约6,318,960人
77%
按名字数 2 1577
73%
按名字数 5 1127
73%
按人口 4 约6,591,140人
73%
按人口 8 约5,692,390人
73%
按人口 17 约3,189,690人
73%
按名字数 29 西 460
66%
按人口 25 西 约2,259,350人
66%
按名字数 9 861
65%
按人口 12 约4,042,680人
65%
按名字数 14 611
63%
按人口 7 约5,703,570人
63%
按人口 27 约2,014,770人
63%
按名字数 24 492
60%
按人口 15 约3,268,040人
60%
按名字数 27 470
58%
按人口 24 约2,434,030人
58%
按名字数 20 554
56%
按人口 18 约2,773,860人
56%
按人口 23 约2,515,710人
53%
按名字数 21 552
52%
按人口 14 约3,317,700人
52%
按人口 22 约2,547,440人
52%
按人口 21 约2,609,780人
50%
按名字数 30 451
42%
按人口 29 约1,896,830人
42%
按名字数 15 604
40%
按人口 28 约1,932,590人
40%
按名字数 22 537
35%
按人口 20 约2,674,770人
35%
按人口 26 约2,065,100人
35%
按名字数 3 1193
31%
按名字数 23 515
31%
按人口 16 约3,194,690人
31%
按名字数 18 591
27%
按人口 30 约1,833,820人
27%
按名字数 28 462
18%
按名字数 16 596
16%
按名字数 17 594
15%
按名字数 26 476
13%
No matching quizzes found
Score Distribution
Percent of People with Each Score
Percentile by Number Answered
Your Score History
You have not taken this quiz